Documento guía para la formulación y evaluación de proyectos sociales (Registro nro. 21848)
[ vista simple ]
| 000 -Cabecera | |
|---|---|
| Campo de control interno | 00890nam a2200253Ia 4500 |
| 005 - Fecha y hora del registro | |
| control field | 20260320113318.0 |
| 008 - Elementos de Longitud Fija | |
| fixed length control field | 260320s9999||||xx |||||||||||||| ||und|| |
| 020 ## - ISBN | |
| ISBN | 9789587917222 |
| 041 ## - Idioma | |
| Codigo Idioma | ESP |
| 082 ## - DEWEY y NOTACIÓN INTERNA | |
| Dewey | 332.678 |
| Notación Interna | M84 |
| 100 ## - AUTOR | |
| Autor denominación | Montoya Vásquez, Eulicer Armando, |
| Término de relación | autor |
| 245 #0 - TÍTULO DE MATERIAL BIBLIOGRÁFICO | |
| Título | Documento guía para la formulación y evaluación de proyectos sociales |
| Título paralelo | |
| 246 ## - TÍTULO TRADUCIDO | |
| Título | |
| Título paralelo | |
| Autor | |
| 260 ## - CIUDAD, EDITORIAL, AÑO | |
| Ciudad | Bogotá : |
| Nombre de la Editorial | Grupo Editorial Ibáñez, |
| Año | 2023 |
| 300 ## - DESCRIPCIÓN | |
| N° Páginas | 175 páginas : |
| Otros detalles | ilustraciones, tablas ; |
| Dimensiones | 24 cm. |
| Material Adicional | |
| 440 ## - MENCIÓN DE SERIE | |
| Título de la Serie | |
| Número de Serie | |
| Volumen de Serie | |
| 650 ## - TEMAS | |
| Temas | Ciencias Sociales |
| 653 ## - DESCRIPTORES | |
| Lenguajes no controlado | Administración de proyectos sociales - Guías; Proyectos sociales - Evalución - Guías; Elaboración de proyectos |
| 654 ## - PROGRAMAS | |
| Programa | Dpto. de Administración de Negocios |
| 700 ## - OTROS AUTORES | |
| Otros autores | |
| Títulos y otras palabras asociadas con el nombre | |
| 856 ## - URL - UBICACIÓN | |
| URI/URL: Enlace exacto del recurso | <a href="https://www-bibliotechnia-com-mx.ucsp.lookproxy.com/">https://www-bibliotechnia-com-mx.ucsp.lookproxy.com/</a> |
| Nota pública: Versión digital | <a href="Véase además: Base de datos BiblioTechnia">Véase además: Base de datos BiblioTechnia</a> |
| 942 ## - ELEMENTOS DE KOHA | |
| Tipo de documento | Libro |
| Nombre del creador | Justo Noguera |
| Código de catalogador | Margarita Torres |
| Esquema de clasificación | Dewey Decimal Classification |
| Suppress in OPAC | |
| Codigo completo | Registro | Colección | Copia número | Disponibilidad | Tipo de préstamo | Biblioteca Actual | Procedencia (Biblioteca) | Ubicacón | Fecha Ingreso | Tipo de Adquisición | Observación | Date last seen | Total checkouts | Price effective from | Tipo de Item | Estado del Material | Fuente de Clasificación | Damaged status | Withdrawn status |
|---|---|---|---|---|---|---|---|---|---|---|---|---|---|---|---|---|---|---|---|
| 332.678 M84 | 1085952 | Universidad Católica San Pablo | 1 | Disponible | Disponible | Víctor Andrés Belaunde | Víctor Andrés Belaunde | Planta baja abierta | 10/03/2026 | Compra | Ingeniería Ambiental | 20/03/2026 | 20/03/2026 | Libro | Bueno | Dewey Decimal Classification |




